[Event "BRA-ch U14 Girls"]
[Site "Brasilia"]
[Date "2017.04.23"]
[Round "6"]
[White "Passos, Clarissa dos Santos"]
[Black "Vieira, Ana Beatriz Pereira"]
[Result "1-0"]
[WhiteElo "1357"]
[BlackElo "1482"]
[PlyCount "43"]
[EventDate "2017.04.21"]
[EventType "swiss"]
[EventRounds "6"]
[EventCountry "BRA"]
[SourceTitle "CBM 177 Extra"]
[Source "ChessBase"]
[SourceDate "2017.04.27"]
[SourceVersion "1"]
[SourceVersionDate "2017.04.27"]
[SourceQuality "1"]

1. e4 e6 2. d4 d5 3. exd5 exd5 4. Nf3 Nf6 5. c4 c6 6. Nc3 Be6 7. c5 Nbd7 8. Bf4 b6 9. b4 a6 10. Bd3 Be7 11. 0-0 0-0 12. Qc2 bxc5 13. dxc5 Ra7 14. Qa4 Nh5 15. Be3 Bf6 16. Nd4 Bxd4 17. Bxd4 Nb8 18. Be5 Qd7 19. Ne2 f6 20. Bd6 Rf7 21. Nd4 Qb7 22. Nxe6 1-0

[Event "Sao Sebastiao do Paraiso Ferias CXSSP I"]
[Site "Sao Sebastiao do Paraiso"]
[Date "2016.07.24"]
[Round "6.15"]
[White "Miazaki, Kevin Yuri"]
[Black "Vieira, Ana Beatriz Pereira"]
[Result "0-1"]
[WhiteElo "1785"]
[BlackElo "1800"]
[PlyCount "64"]
[EventDate "2016.07.22"]
[EventType "swiss"]
[EventRounds "6"]
[EventCountry "BRA"]
[SourceTitle "EXT 2022"]
[Source "ChessBase"]
[SourceDate "2021.10.06"]
[SourceVersion "1"]
[SourceVersionDate "2021.10.06"]
[SourceQuality "1"]

1. e4 c5 2. Nf3 d6 3. Nc3 Nf6 4. Bc4 e6 5. 0-0 g6 6. a3 Bg7 7. d3 0-0 8. Be3 d5 9. Ba2 Qc7 10. exd5 Rd8 11. dxe6 Bxe6 12. Bxe6 fxe6 13. d4 cxd4 14. Nxd4 Nc6 15. Nxe6 Qe5 16. Nxd8 Rxd8 17. f4 Qxe3+ 18. Kh1 Rxd1 19. Nxd1 Qe4 20. Nc3 Qxc2 21. Rf3 Qxb2 22. Rb1 Qxa3 23. Nd5 Qd6 24. Rd1 Nxd5 25. Re3 Bh6 26. Red3 Ncb4 27. Rd4 Bxf4 28. Rc4 b5 29. Rc8+ Kg7 30. Rc3 Qe5 31. Rc5 Qe2 32. Rg1 Bd6 0-1

[Event "Sao Sebastiao do Paraiso Ferias CXSSP I"]
[Site "Sao Sebastiao do Paraiso"]
[Date "2016.07.24"]
[Round "5.17"]
[White "Vieira, Ana Beatriz Pereira"]
[Black "Perez, Matheus Manhanini A"]
[Result "1-0"]
[WhiteElo "1800"]
[BlackElo "1784"]
[PlyCount "73"]
[EventDate "2016.07.22"]
[EventType "swiss"]
[EventRounds "6"]
[EventCountry "BRA"]
[SourceTitle "EXT 2022"]
[Source "ChessBase"]
[SourceDate "2021.10.06"]
[SourceVersion "1"]
[SourceVersionDate "2021.10.06"]
[SourceQuality "1"]

1. e4 e5 2. Nf3 Nc6 3. Bc4 Nf6 4. d3 Bc5 5. 0-0 d6 6. Nc3 Bg4 7. Bg5 0-0 8. a3 Re8 9. h3 Bh5 10. Re1 h6 11. Bh4 Qe7 12. Qb1 Rad8 13. Qa2 a6 14. Rad1 b5 15. Bb3 Na5 16. Bd5 c6 17. Bb3 Nxb3 18. cxb3 Qa7 19. d4 exd4 20. Nxd4 Bxd1 21. Nxc6 Qb6 22. Nxd8 Bxb3 23. Qxb3 Rxd8 24. Bg3 Nh5 25. Bh4 Nf6 26. Nd5 Qa7 27. Nxf6+ gxf6 28. Bxf6 Rb8 29. Qg3+ Kf8 30. Qg7+ Ke8 31. Qg8+ Kd7 32. Qxf7+ Kc6 33. Qd5+ Kd7 34. e5 Bxf2+ 35. Kf1 Bxe1 36. Kxe1 Rb6 37. e6+ 1-0